000 00797nam a22003010a 4500
001 PT57423
003 AR-LpoUNG
005 20250212120110.0
008 191001s2016||||ag |||||||||||||||||spa d
020 _a9789504645610
_c$11
040 _aAR-LpoUNG
_bspa
_cAR-LpoUNG
_eaacr
041 0 _aspa
044 _aag
082 0 _a808.068 3 182sec
100 1 _aFalconi, María Inés
245 1 3 _aEl secreto del tanque de agua
250 _a1ra. ed.
260 _aBuenos Aires :
_bSantillana,
_c2016.
300 _a322 p. :
_bil.
505 0 _aSugerido a partir de 10 años (etiqueta VIOLETA)
650 4 _aARGENTINA
650 4 _aLITERATURA
650 4 _aNOVELAS
653 0 _aLITERATURA INFANTIL
700 1 _aÁlvarez, María Jesús
_eil.
905 _a57423
942 _cLIB
_2ddc
999 _c12050
_d12050